Спектакль-концерт Ансамбля водевиля и оперетты под худож. руков. и при участии Н.Н. Радошанского, [1944 г. (Запись № 67783)
[ простой вид ]
| 000 -МАРКЕР | |
|---|---|
| контрольное поле | 04274nam0a2200493 4500 |
| 001 - ИДЕНТИФИКАТОР ЗАПИСИ | |
| контрольное поле | RU\NLR\BIBL_A\011960860 |
| 005 - ИДЕНТИФИКАТОР ВЕРСИИ | |
| контрольное поле | 20250809113239.0 |
| 020 ## - НОМЕР ДОКУМЕНТА В НАЦИОНАЛЬНОЙ БИБЛИОГРАФИИ | |
| Код страны | российская федерация |
| Основное заглавие издания Российской книжной палаты | Ленинград в Великой Отечественной войне. Коллекция. Афиши |
| 035 ## - ДРУГИЕ СИСТЕМНЫЕ НОМЕРА | |
| Идентификатор записи | (NLR Aleph) 011960860 |
| 100 ## - ДАННЫЕ ОБЩЕЙ ОБРАБОТКИ | |
| Данные общей обработки | 20190315d1944 u y0rusy50 ca |
| 101 0# - ЯЗЫК РЕСУРСА | |
| Язык текста, звукозаписи и т.д. | русский |
| 102 ## - СТРАНА ПУБЛИКАЦИИ ИЛИ ПРОИЗВОДСТВА | |
| Страна публикации | российская федерация |
| 105 ## - ПОЛЕ КОДИРОВАННЫХ ДАННЫХ: ТЕКСТОВЫЕ МАТЕРИАЛЫ, МОНОГРАФИЧЕСКИЕ | |
| Кодированные данные о монографическом текстовом документе | y z 000zy |
| 135 ## - ПОЛЕ КОДИРОВАННЫХ ДАННЫХ: ЭЛЕКТРОННЫЕ РЕСУРСЫ | |
| Кодированные данные для электронного ресурса | crcn 024anaba |
| 200 1# - ЗАГЛАВИЕ И СВЕДЕНИЯ ОБ ОТВЕТСТВЕННОСТИ | |
| Основное заглавие | Спектакль-концерт Ансамбля водевиля и оперетты под худож. руков. и при участии Н.Н. Радошанского, [1944 г. |
| Сведения, относящиеся к заглавию | афиша] |
| Первые сведения об ответственности | Управление по делам искусств Исполкома Ленгорсовета, Ленинградская государственная областная филармония |
| 210 ## - ПУБЛИКАЦИЯ, РАСПРОСТРАНЕНИЕ И ДР. | |
| Место издания, распространения и т.д. | [Ленинград] |
| Имя издателя, распространителя и т. д. | ДТ УН-9 |
| Дата издания, распространения и т.д. | [1944] |
| 215 ## - ФИЗИЧЕСКАЯ ХАРАКТЕРИСТИКА | |
| Специфическое обозначение материала и объем | 1 л. |
| Размеры | 39х54 |
| 300 ## - ОБЩИЕ ПРИМЕЧАНИЯ | |
| Текст примечания | Начало в часов. Билеты по руб. |
| 300 ## - ОБЩИЕ ПРИМЕЧАНИЯ | |
| Текст примечания | Зак. 447 |
| 325 ## - ПРИМЕЧАНИЕ О КОПИИ | |
| Текст примечания | Копия доступна в Электрон. б-ке РНБ |
| 327 ## - ПРИМЕЧАНИЯ О СОДЕРЖАНИИ | |
| Текст примечания | Бразильская жемчужина: оперетта в 1 действии, муз. Ружицкого.Текст В. Чулисова. Танцы и постановка К. Огаревой. Постан. Н. Радошанского. Роли исполняют: студенты: Бабса В. Чулисов; Энни Н. Маклецкая; Джекки К. Мацелевич; Бетти - невеста Джекки З. Квятковская, Е. Миленко; Кригса - судьи, опекуна Бетти Н. Радошанский; Розы д'Альвадорец - тетки Джекки К. Огарева. Зав. муз. частью В. Коркунов. Спичка между двух огней: водевиль в 1 действии. Текст Лябиша. Музыка К.М. Аренкова. Роли исполняют: Флоретты В. Маклецкая; Жоржины Е. Миленко; Бажёзе В. Чулисов. Перевод и постановка В. Чулисова. Немая жена: водевиль в 1 действии. А. Франс. Роли исполняют: Судьи Н. Радошанский. Его жены К. Огарева. Постановка Н. Радошанского. В спектакле-концерте участвуют: Квятковская З., Коркунов В., Магидей А. [и др.]. Уполномоченный К.И. Мацелевич. Директор Филармонии Е.С. Крашинский. Художеств. руков. Филармонии (засл. арт. РСФСР) Г.А. Авлов |
| 606 1# - НАИМЕНОВАНИЕ ТЕМЫ КАК ПРЕДМЕТ | |
| Наименование темы | Театральная жизнь |
| Географический подзаголовок | Ленинград, город |
| Хронологический подзаголовок | 1941 - 1944 |
| Формальный подзаголовок | Афиши |
| Код системы | nlr_sh2 |
| Идентификатор авторитетной/нормативной записи | RU\NLR\AUTH\6601649837 |
| 686 ## - ИНДЕКСЫ ДРУГИХ КЛАССИФИКАЦИЙ | |
| Индекс | Щ333(2Р=Рус)7- 692Ленинград |
| 702 #1 - ИМЯ ЛИЦА - ВТОРИЧНАЯ ОТВЕТСТВЕННОСТЬ | |
| Начальный элемент ввода | Радошанский |
| Часть имени, кроме начального элемента ввода | Н.Н. |
| Даты | 1887-1963 |
| Расширение инициалов личного имени | Николай Николаевич |
| Код отношения | Актер |
| 710 02 - НАИМЕНОВАНИЕ ОРГАНИЗАЦИИ - ПЕРВИЧНАЯ ОТВЕТСТВЕННОСТЬ | |
| Начальный элемент ввода | Ансамбль водевиля и оперетты |
| Идентифицирующий признак | Ленинград |
| Идентификатор авторитетной/нормативной записи | RU\NLR\AUTH\880497138 |
| 712 02 - НАИМЕНОВАНИЕ ОРГАНИЗАЦИИ - ВТОРИЧНАЯ ОТВЕТСТВЕННОСТЬ | |
| Начальный элемент ввода | Ленинградская государственная областная филармония |
| Идентификатор авторитетной/нормативной записи | RU\NLR\AUTH\880358660 |
| Код отношения | Прочие |
| 852 ## - МЕСТОНАХОЖДЕНИЕ И ШИФР ХРАНЕНИЯ | |
| Идентификатор организации | NLR |
| Шифр хранения (Call Number) | Л3-330а/34/1/[1944]/1 |
| 856 #0 - МЕСТОНАХОЖДЕНИЕ ЭЛЕКТРОННЫХ РЕСУРОВ И ДОСТУП К НИМ | |
| Универсальный идентификатор ресурса (Uniform Resource Identifier) | http://vivaldi.nlr.ru/la700000060/view |
| 856 #1 - МЕСТОНАХОЖДЕНИЕ ЭЛЕКТРОННЫХ РЕСУРОВ И ДОСТУП К НИМ | |
| Универсальный идентификатор ресурса (Uniform Resource Identifier) | http://vivaldi.nlr.ru/la700000060/cover |
| 856 #2 - МЕСТОНАХОЖДЕНИЕ ЭЛЕКТРОННЫХ РЕСУРОВ И ДОСТУП К НИМ | |
| Универсальный идентификатор ресурса (Uniform Resource Identifier) | http://vivaldi.nlr.ru/la700000060/text |
| 942 ## - ДОПОЛНИТЕЛЬНЫЕ ЭЛЕМЕНТЫ ЗАПИСИ (АБИС) | |
| Тип экземпляра АБИС | Визуальный материал |
| 945 ## - Информацию об издании предоставили: | |
| Полное название организации, предоставившей материал | Российская национальная библиотека |
| 980 ## - КОЛЛЕКЦИЯ | |
| Название коллекции | Национальная библиография |
| 980 ## - КОЛЛЕКЦИЯ | |
| Название коллекции | Библиография Победы |
| 980 3# - КОЛЛЕКЦИЯ | |
| Название коллекции | КП2019 Ленинград в Великой Отечественной войне |
| 980 3# - КОЛЛЕКЦИЯ | |
| Название коллекции | Книжные памятники РНБ |
| 981 37 - КОЛЛЕКЦИЯ ЭЛЕКТРОННОЙ БИБЛИОТЕКИ | |
| Название коллекции | Ленинград в Великой Отечественной войне |
| Название подколлекции | Афиши блокадного Ленинграда |
Нет доступных экземпляров.





